Регионална библиотека "Любен Каравелов" - Русе

Стихотворения и поэмы (Запис номер 344127)

MARC детайли
000 -Лидер
Контролно поле с фиксирана дължина 01150nam a2200337 c 4500
003 - Код на организацията, давaща контролен номер
Контролно поле BLK
005 - Дата и час на последна редакция
Контролно поле 20190913121259.0
008 - Елементи от данни с фиксирана дължина
fixed length control field 180911b bul|||||r ||||||| ||bul||
010 ## - Наследен системен номер
LC control number 003791
040 ## - Източник на каталожния запис
Идентификатор на билиотеката - собственик на записа BLK
041 ## - Код за език
Код за езика на текст/звукозапис или на отделно заглавие Руски
080 ## - УДК
Текстов определител УДК Минаев, Дмитрий
УДК определител 92
УДК - код + определител 882-1882(092)92
100 1# - Редна дума - Автор
Автор МИНАЕВ, Дмитрий
Авторска отговорност първи автор
245 00 - Сведения за заглавието
Заглавие Стихотворения и поэмы
246 ## - Различни форми на заглавието
Наименование на поредна част от произведението лирика-стихотворения
260 ## - Област на издателските данни
Място на издаване, разпространение и проч. Ленинград
Име на издателя, разпространителя и проч. Сов. писатель
Година на издаване 1960
300 ## - Физическа характеристика
Страници 448 с
Размери/Мащаб 13 см
380 ## - Жанр
Жанр Литературознание
490 ## - СЕРИИ (Колекции)
Име на серия Библиотека поэта
490 ## - СЕРИИ (Колекции)
Име на серия Малая серия
490 ## - СЕРИИ (Колекции)
Име на серия Частна колекция - Академик Михаил Арнаудов
Бележки за серията Дарение - Основен фонд
650 ## - Допълнително описание по предмет – тема
Основно описание – тема или топоним Биографии
650 ## - Допълнително описание по предмет – тема
Основно описание – тема или топоним Писатели
653 ## - Ключова дума – ненормативна
9 (RLIN)
Ключова дума лирика
653 ## - Ключова дума – ненормативна
9 (RLIN)
Ключова дума стихотворения
655 ## - Ключова дума – жанр/разновидност
Данни за жанр/разновидност или ключова дума за фокус руска литература
700 1# - Други автори (авторска отговорност)
Лично име Д. Д. Минаев
700 1# - Други автори (авторска отговорност)
Лично име И. Ямполский
Автороска отговорност (Описва отношението между автора и произведението) Предг.
852 ## - Местоположение
Форматна сигнатура МА 2425
942 ## - АРТИКУЛИ
Вид на библиотечния материал Книги
Скрит в OPAC Не
944 ## - СЪЗДАВАНЕ И РЕДАКЦИЯ на ЗАПИСА
Създаване/Редакция Създаване
Дата на регистрацията/редакция 1997
Служител, извършил регистрацията/редакцията GGG
999 ## - СИСТЕМНИ КОНТРОЛНИ НОМЕРА
Koha biblionumber 344127
Koha biblioitemnumber 344127
Наличности
Код за отписване Код за изгубен артикул Източник на класификационната схема Код за повреда Коз за рестрикции Код за отдаване Артикулен № Име на библиотеката - собственик Име на библиотеката, в която се намира в момента Статус (Текущо местоположение) Местоположение - отдел Цена в лева Номерация (Хронология) Инвентарен номер Систематично азбучна сигнатура Баркод Номер на екземпляра Цена в евро Служебен тип на артикула
  Не е изгубен Universal Decimal Classification Не е повреден без рестрикции Специални фондове ( старопечатни, редки и ценни, фонд М. Арнаудов) 744483 Регионална библиотека "Любен Каравелов" Русе Регионална библиотека "Любен Каравелов" Русе Фонд "Михаил Арнаудов" Фонд "Михаил Арнаудов" 5.00   590734 МА 2425 120000590734 1 2.56 Книги
Vip Innovations Ltd, Rousse, Bulgaria 2025